Crecimiento y desarrollo del ser humano (Registro nro. 12954)

Detalles MARC
000 -CABECERA
Longitud fija campo de control 01052nam a22002657a 4500
003 - IDENTIFICADOR DELl NÚMERO DE CONTROL
Identificador del número de control OSt
005 - FECHA Y HORA DE LA ÚLTIMA TRANSACCIÓN
Fecha y hora de la última transacción 20140813213002.0
008 - CÓDIGOS DE INFORMACIÓN DE LONGITUD FIJA
Códigos de información de longitud fija 140812b xxu||||| |||| 00| 0 eng d
020 ## - NÚMERO INTERNACIONAL NORMALIZADO PARA LIBROS
Número Internacional Normalizado para Libros (ISBN) 92-75-32151-5
040 ## - FUENTE DE LA CATALOGACIÓN
Centro transcriptor BMC
082 ## - NÚMERO DE LA CLASIFICACIÓN DECIMAL DEWEY
Númeroo de clasificación 612.6
082 ## - NÚMERO DE LA CLASIFICACIÓN DECIMAL DEWEY
Númeroo de clasificación 305.231
100 1# - PUNTO DE ACCESO PRINCIPAL-NOMBRE DE PERSONA
9 (RLIN) 23720
Nombre de persona Calderón, Gladys Medellín
245 10 - MENCIÓN DE TÍTULO
Título Crecimiento y desarrollo del ser humano
Resto del título : atención primaria de salud
Mención de responsabilidad, etc. Gladys Medellín Calderón, Esther Cilia Tascón ; colaboradora, Edelmira Castillo Espitia
260 ## - PUBLICACIÓN, DISTRIBUCIÓN, ETC. (PIE DE IMPRENTA)
Lugar de publicación, distribución, etc. [Washington]
Nombre del editor, distribuidor, etc. Organización Panamericana de la Salud
Fecha de publicación, distribución, etc. 1995
300 ## - DESCRIPCIÓN FÍSICA
Extensión 2 v.
Otras características físicas il.
Dimensiones 23 cm
505 ## - NOTA DE CONTENIDO CON FORMATO
Nota de contenido con formato Contiene: t. I: Nacimiento a edad preescolar - t. II: Edad escolar a adulto mayor
594 ## - NOTA AL TÍTULO Y MENCIÓN DE RESPONSABIBLIDAD
Nota Al Título Y Mención De Responsabilidad En la port.: Universidad del Valle, Facultad de Salud, Escuela de Enfermería
650 24 - PUNTO DE ACCESO ADICIONAL DE MATERIA - TÉRMINO DE MATERIA
9 (RLIN) 8157
Término de materia o nombre geográfico como elemento inicial Crecimiento humano
650 24 - PUNTO DE ACCESO ADICIONAL DE MATERIA - TÉRMINO DE MATERIA
9 (RLIN) 9806
Término de materia o nombre geográfico como elemento inicial Niños
Subdivisión de materia general Desarrollo
700 1# - PUNTO DE ACCESO ADICIONAL - NOMBRE DE PERSONA
9 (RLIN) 23721
Nombre de persona Tascón, Esther Cilia
700 1# - PUNTO DE ACCESO ADICIONAL - NOMBRE DE PERSONA
9 (RLIN) 23722
Nombre de persona Castillo Espitia, Edelmira
710 0# - PUNTO DE ACCESO ADICIONAL - NOMBRE DE ENTIDAD
9 (RLIN) 23749
Nombre de entidad o nombre de jurisdicción como elemento inicial Universidad del Valle
Unidad subordinada Escuela de Enfermería
942 ## - ENTRADA DE ELEMENTOS AGREGADOS (KOHA)
Fuente de clasificaión o esquema Dewey Decimal Classification
Koha [por defecto] tipo de item 1- Monografias
Existencias
Suprimido Perdido Fuente de clasificación o esquema Estropeado Restricciones de uso No para préstamo Código de colección Localización permanente Localización actual Localización en estanter&íacute;as Fecha adquisición Fuente de adquisición Número de inventario Préstamos totales Renovaciones totales Signatura completa Código de barras Fecha última consulta Fecha último préstamo Coste, precio reemplazado Fecha del precio de reemplazo Tipo de item de Koha
NULL NULL Dewey Decimal Classification NULL Prestable NULL NULL Biblioteca Miguel de Cervantes - UNICAES Biblioteca Miguel de Cervantes - UNICAES Sala Principal 12/08/2014 Donación - Facultad de Ciencias y Humanidades 020382 7 1 612.6 CAL cre (v. 1) 1020738 01/03/2018 01/03/2018 25.00 12/08/2014 1- Monografias
NULL NULL Dewey Decimal Classification NULL Prestable NULL NULL Biblioteca Miguel de Cervantes - UNICAES Biblioteca Miguel de Cervantes - UNICAES Sala Principal 12/08/2014 Donación - Facultad de Ciencias y Humanidades 020383 5   612.6 CAL cre (v. 1) 1020739 16/02/2018 16/02/2018 25.00 12/08/2014 1- Monografias
NULL NULL Dewey Decimal Classification NULL Prestable NULL NULL Biblioteca Miguel de Cervantes - UNICAES Biblioteca Miguel de Cervantes - UNICAES Sala Principal 12/08/2014 Donación - Facultad de Ciencias y Humanidades 020384 5 1 612.6 CAL cre (v. 2) 1020740 13/01/2018 10/01/2018 20.00 12/08/2014 1- Monografias
NULL NULL Dewey Decimal Classification NULL Prestable NULL NULL Biblioteca Miguel de Cervantes - UNICAES Biblioteca Miguel de Cervantes - UNICAES Sala Principal 12/08/2014 Donación - Facultad de Ciencias y Humanidades 020385 7 3 612.6 CAL cre (v. 2) 1020741 09/02/2018 09/02/2018 20.00 12/08/2014 1- Monografias